[Event "26th Zadar Open 2019"]
[Site "Zadar"]
[Date "2019.12.15"]
[Round "1.10"]
[White "Rogic, Davor"]
[Black "Dimitrov, Vladimir"]
[Result "0-1"]
[WhiteElo "2485"]
[BlackElo "2285"]
[Annotator "ChessBase"]
[PlyCount "104"]
[EventDate "2019.12.15"]
[EventType "swiss"]
[EventCountry "CRO"]
[SourceTitle "playchess.com"]
[Source "ChessBase"]
[SourceQuality "1"]
[TimeControl "40/5400+30:1800+30"]

1. e4 {[%emt 0:00:30]} c5 {[%emt 0:00:30]} 2. Nf3 {[%emt 0:00:00]} d6 {[%emt 0:00:00]} 3. Bc4 {[%emt 0:01:00]} Nf6 {[%emt 0:00:00]} 4. d3 {[%emt 0:00:30]} Nc6 {[%emt 0:01:30]} 5. c3 {[%emt 0:00:30]} a6 {[%emt 0:00:30]} 6. Bb3 {[%emt 0:01:30]} Bg4 {[%emt 0:00:30]} 7. h3 {[%emt 0:01:30]} Bh5 {[%emt 0:00:30]} 8. Bf4 {[%emt 0:09:30]} e6 {[%emt 0:01:30]} 9. Nbd2 {[%emt 0:01:30]} Be7 {[%emt 0:00:30]} 10. Qe2 {[%emt 0:05:30]} h6 {[%emt 0:04:30]} 11. g4 {[%emt 0:12:30]} Bg6 {[%emt 0:00:30]} 12. Rg1 {[%emt 0:00:30]} d5 {[%emt 0:02:30]} 13. Ne5 {[%emt 0:23:30]} Nxe5 {[%emt 0:07:30]} 14. Bxe5 {[%emt 0:00:30]} dxe4 {[%emt 0:02:30]} 15. dxe4 {[%emt 0:01:30]} Nd7 {[%emt 0:00:30]} 16. Bg3 {[%emt 0:02:30]} b5 {[%emt 0:01:30]} 17. O-O-O {[%emt 0:04:30]} Qa5 {[%emt 0:03:30]} 18. f4 {[%emt 0:07:30]} c4 {[%emt 0:02:30]} 19. Bc2 {[%emt 0:00:30]} Qxa2 {[%emt 0:01:30]} 20. Bb1 {[%emt 0:03:30]} Qa1 {[%emt 0:01:30]} 21. f5 {[%emt 0:04:24]} Nc5 {[%emt 0:02:30] 6} 22. Nf3 {[%emt 0:00:50]} Bh7 {[%emt 0:07:30] 4} 23. Bd6 {[%emt 0:17:12]} Nd3+ {[%emt 0:36:30]} 24. Rxd3 {[%emt 0:00:00]} cxd3 {[%emt 0:00:30]} 25. Qh2 {[%emt 0:00:00]} Rc8 {[%emt 0:00:30]} 26. Nd2 {[%emt 0:00:00]} Bg5 {[%emt 0:00:30]} 27. h4 {[%emt 0:00:00]} Bf6 {[%emt 0:01:30]} 28. Bb4 {[%emt 0:00:00]} Be7 {[%emt 0:00:30]} 29. Nb3 {[%emt 0:00:00]} Qa4 {[%emt 0:00:30]} 30. Nc5 {[%emt 0:00:00]} Bxc5 {[%emt 0:00:30]} 31. Bxc5 {[%emt 0:00:00]} Rxc5 {[%emt 0:00:30]} 32. Qb8+ {[%emt 0:00:00]} Kd7 {[%emt 0:00:30]} 33. fxe6+ {[%emt 0:00:00]} fxe6 {[%emt 0:00:30]} 34. Qxh8 {[%emt 0:00:17]} Qd4 {[%emt 0:03:23]} 35. Rg3 {[%emt 0:00:04]} Bxe4 {[%emt 0:00:13]} 36. Qf8 {[%emt 0:00:17]} Bg6 {[%emt 0:05:57]} 37. Bxd3 {[%emt 0:01:08]} Bxd3 {[%emt 0:02:46]} 38. Rxd3 {[%emt 0:05:05]} Qxd3 {[%emt 0:00:09]} 39. Qxc5 {[%emt 0:00:06]} Qf1+ {[%emt 0:00:09]} 40. Kc2 {[%emt 0:00:49]} Qe2+ {[%emt 0:00:00]} 41. Kc1 {[%emt 0:02:18]} Qe1+ {[%emt 0:06:23]} 42. Kc2 {[%emt 0:00:30]} Qe4+ {[%emt 0:00:30]} 43. Kc1 {[%emt 0:00:30]} Qxg4 {[%emt 0:00:30]} 44. Qa7+ {[%emt 0:00:30]} Ke8 {[%emt 0:00:00]} 45. Qxa6 {[%emt 0:01:30]} Qc4 {[%emt 0:00:00]} 46. Qb7 {[%emt 0:04:30]} g5 {[%emt 0:03:30]} 47. hxg5 {[%emt 0:01:30]} hxg5 {[%emt 0:01:30]} 48. Qg7 {[%emt 0:01:30]} g4 {[%emt 0:00:30]} 49. Kd2 {[%emt 0:05:32]} Qf4+ {[%emt 0:00:30]} 50. Kd3 {[%emt 0:01:31]} g3 {[%emt 0:01:30]} 51. b3 {[%emt 0:01:54]} Qf3+ {[%emt 0:00:30]} 52. Kd4 {[%emt 0:00:21]} g2 {[%emt 0:01:30]} 0-1

[Event "26th Zadar Open 2019"]
[Site "Zadar"]
[Date "2019.12.17"]
[Round "1.11"]
[White "de Francesco, Klaus"]
[Black "Galperin, Platon"]
[Result "0-1"]
[WhiteElo "2273"]
[BlackElo "2462"]
[Annotator "ChessBase"]
[PlyCount "64"]
[EventDate "2019.12.15"]
[EventType "swiss"]
[EventCountry "CRO"]
[SourceTitle "playchess.com"]
[Source "ChessBase"]
[SourceQuality "1"]
[TimeControl "40/5400+30:1800+30"]

1. d4 {[%emt 0:00:30] 2} Nf6 {[%emt 0:00:30] 2} 2. Bf4 {[%emt 0:00:00] 2} c5 {[%emt 0:00:30]} 3. e3 {[%emt 0:01:00]} Nd5 {[%emt 0:00:30]} 4. Bg3 {[%emt 0:00:30]} Qb6 {[%emt 0:00:00]} 5. Nc3 {[%emt 0:01:30]} Nxc3 {[%emt 0:01:00]} 6. bxc3 {[%emt 0:00:30]} d6 {[%emt 0:02:30]} 7. Nf3 {[%emt 0:01:30]} g6 {[%emt 0:00:30]} 8. Be2 {[%emt 0:03:30]} Bg7 {[%emt 0:00:30]} 9. O-O {[%emt 0:00:00]} O-O {[%emt 0:00:30]} 10. e4 {[%emt 0:03:00]} Nd7 {[%emt 0:32:30]} 11. Qd3 {[%emt 0:06:30]} Qc7 {[%emt 0:01:30]} 12. Rab1 {[%emt 0:01:30]} Nf6 {[%emt 0:01:30]} 13. h3 {[%emt 0:01:30]} b6 {[%emt 0:00:30]} 14. Bh2 {[%emt 0:02:30]} Bb7 {[%emt 0:05:30]} 15. e5 {[%emt 0:02:30]} dxe5 {[%emt 0:06:30]} 16. Nxe5 {[%emt 0:06:30]} Be4 {[%emt 0:02:30]} 17. Qc4 {[%emt 0:04:30]} Bd5 {[%emt 0:03:30]} 18. Qd3 {[%emt 0:00:30]} Qb7 {[%emt 0:00:30]} 19. dxc5 {[%emt 0:01:30]} Rad8 {[%emt 0:06:30]} 20. Qb5 {[%emt 0:04:30]} Ne4 {[%emt 0:00:30]} 21. c6 {[%emt 0:01:30]} Qc8 {[%emt 0:00:00]} 22. c7 {[%emt 0:06:30]} Rd6 {[%emt 0:00:00]} 23. Nc4 {[%emt 0:01:30]} Bxc4 {[%emt 0:33:28]} 24. Bxc4 {[%emt 0:41:15]} Nxc3 {[%emt 0:00:00]} 25. Qa6 {[%emt 0:01:57]} e5 {[%emt 0:00:00]} 26. Qxa7 {[%emt 0:00:42]} Nxb1 {[%emt 0:00:00]} 27. Ba6 {[%emt 0:01:08]} Qd7 {[%emt 0:00:00]} 28. Rxb1 {[%emt 0:01:03]} Qa4 {[%emt 0:00:00]} 29. Bg3 {[%emt 0:02:28]} b5 {[%emt 0:00:25]} 30. Qc5 {[%emt 0:00:43]} Qxa6 {[%emt 0:00:30]} 31. Rxb5 {[%emt 0:00:42]} Rc6 {[%emt 0:00:30]} 32. Qxf8+ {[%emt 0:00:41]} Bxf8 0-1

[Event "26th Zadar Open 2019"]
[Site "Zadar"]
[Date "2019.12.15"]
[Round "1.13"]
[White "Stocko, Josip"]
[Black "Spalir, Jernej"]
[Result "1/2-1/2"]
[WhiteElo "2267"]
[BlackElo "2429"]
[Annotator "NA"]
[PlyCount "86"]
[EventDate "2019.12.15"]
[EventType "swiss"]
[EventCountry "CRO"]
[SourceTitle "playchess.com"]
[Source "ChessBase"]
[SourceQuality "1"]
[TimeControl "40/5400+30:1800+30"]

1. e4 {[%emt 0:03:30]} e5 {[%emt 0:00:30]} 2. Nf3 {[%emt 0:00:00]} Nc6 {[%emt 0:00:00]} 3. Bc4 {[%emt 0:00:00]} Bc5 {[%emt 0:00:00]} 4. c3 {[%emt 0:00:30]} Nf6 {[%emt 0:00:30]} 5. d3 {[%emt 0:00:00]} O-O {[%emt 0:00:00]} 6. O-O {[%emt 0:01:00]} d5 {[%emt 0:03:00]} 7. exd5 {[%emt 0:00:00]} Nxd5 {[%emt 0:00:00]} 8. a4 {[%emt 0:01:00]} a6 {[%emt 0:00:00]} 9. a5 {[%emt 0:04:30]} b5 {[%emt 0:05:30]} 10. axb6 {[%emt 0:04:30]} Nxb6 {[%emt 0:00:30]} 11. Bb3 {[%emt 0:01:30]} Bf5 {[%emt 0:02:30]} 12. Bc2 {[%emt 0:00:30]} a5 {[%emt 0:00:30]} 13. d4 {[%emt 0:13:30]} Bxc2 {[%emt 0:00:30]} 14. Qxc2 {[%emt 0:00:30]} Bd6 {[%emt 0:01:30]} 15. dxe5 {[%emt 0:10:30]} Nxe5 {[%emt 0:03:30]} 16. Nxe5 {[%emt 0:00:00]} Bxe5 {[%emt 0:00:00]} 17. Nd2 {[%emt 0:03:00]} Qd5 {[%emt 0:04:00]} 18. Nf3 {[%emt 0:03:30]} Bf6 {[%emt 0:00:30]} 19. Bf4 {[%emt 0:01:30]} Qc4 {[%emt 0:02:30]} 20. Bg5 {[%emt 0:19:30]} Bxg5 {[%emt 0:04:30]} 21. Nxg5 {[%emt 0:00:30]} Qh4 {[%emt 0:00:00]} 22. Nf3 {[%emt 0:01:30]} Qh5 {[%emt 0:04:00]} 23. Nd4 {[%emt 0:08:30]} Rfe8 {[%emt 0:06:30]} 24. Rfe1 {[%emt 0:01:30]} g6 {[%emt 0:01:30]} 25. Re4 {[%emt 0:08:43]} Qd5 {[%emt 0:02:30]} 26. Rae1 {[%emt 0:04:30]} Rxe4 {[%emt 0:01:30]} 27. Rxe4 {[%emt 0:01:44]} a4 {[%emt 0:00:30]} 28. Qe2 {[%emt 0:03:36]} Nc4 {[%emt 0:05:30]} 29. Re8+ {[%emt 0:02:35]} Rxe8 {[%emt 0:00:30]} 30. Qxe8+ {[%emt 0:00:39]} Kg7 {[%emt 0:00:30]} 31. Qxa4 {[%emt 0:00:36]} c5 {[%emt 0:00:30]} 32. Nf3 {[%emt 0:01:07]} Qd3 {[%emt 0:09:30]} 33. h3 {[%emt 0:00:59]} Nxb2 {[%emt 0:00:30]} 34. Qb3 {[%emt 0:00:40]} Nd1 {[%emt 0:01:30]} 35. Qxf7+ {[%emt 0:00:44]} Kxf7 {[%emt 0:00:30]} 36. Ne5+ {[%emt 0:00:03]} Ke6 {[%emt 0:00:30]} 37. Nxd3 {[%emt 0:00:03]} Kd5 {[%emt 0:00:00]} 38. Nf4+ {[%emt 0:00:38]} Ke4 {[%emt 0:01:00]} 39. Ne6 {[%emt 0:01:05]} c4 {[%emt 0:02:30]} 40. Nc5+ {[%emt 0:00:32]} Kd5 {[%emt 0:00:30]} 41. Na4 {[%emt 0:30:21]} Ke4 {[%emt 0:29:30]} 42. Nc5+ {[%emt 0:00:15]} Kd5 {[%emt 0:00:30]} 43. Na4 {[%emt 0:00:00]} Ke4 {[%emt 0:10:30]} 1/2-1/2

[Event "26th Zadar Open 2019"]
[Site "Zadar"]
[Date "2019.12.15"]
[Round "1.14"]
[White "Hnydiuk, Aleksander"]
[Black "Gelbenegger, Patrick"]
[Result "1-0"]
[WhiteElo "2423"]
[BlackElo "2267"]
[Annotator "NA"]
[PlyCount "65"]
[EventDate "2019.12.15"]
[EventType "swiss"]
[EventCountry "CRO"]
[SourceTitle "playchess.com"]
[Source "ChessBase"]
[SourceQuality "1"]
[TimeControl "40/5400+30:1800+30"]

1. Nf3 {[%emt 0:01:30]} Nf6 {[%emt 0:00:30]} 2. c4 {[%emt 0:00:00]} e6 {[%emt 0:00:30]} 3. g3 {[%emt 0:00:00]} d5 {[%emt 0:00:30]} 4. d4 {[%emt 0:00:30]} c6 {[%emt 0:01:30]} 5. Bg2 {[%emt 0:00:30]} Nbd7 {[%emt 0:01:30]} 6. O-O {[%emt 0:00:00]} dxc4 {[%emt 0:05:30]} 7. a4 {[%emt 0:00:00]} Nd5 {[%emt 0:03:30]} 8. e4 {[%emt 0:06:30]} Nb4 {[%emt 0:02:30]} 9. Na3 {[%emt 0:00:30]} a5 {[%emt 0:06:30]} 10. Bg5 {[%emt 0:06:30]} Be7 {[%emt 0:14:30]} 11. Bxe7 {[%emt 0:00:30]} Qxe7 {[%emt 0:00:30]} 12. Nxc4 {[%emt 0:00:30]} O-O {[%emt 0:02:30]} 13. Re1 {[%emt 0:06:30]} Nf6 {[%emt 0:04:30]} 14. Qd2 {[%emt 0:14:30]} Rd8 {[%emt 0:09:30]} 15. Qc3 {[%emt 0:01:30]} Qc7 {[%emt 0:02:30]} 16. Na3 {[%emt 0:24:30]} Qb6 {[%emt 0:13:30]} 17. Nc2 {[%emt 0:02:30]} Nxc2 {[%emt 0:02:30]} 18. Qxc2 {[%emt 0:00:30]} Bd7 {[%emt 0:00:30]} 19. Rad1 {[%emt 0:11:30]} Rac8 {[%emt 0:01:30]} 20. e5 {[%emt 0:01:30]} Nd5 {[%emt 0:03:30]} 21. Ng5 {[%emt 0:00:30]} g6 {[%emt 0:11:18]} 22. Ne4 {[%emt 0:00:30]} Kg7 {[%emt 0:00:16]} 23. Nd6 {[%emt 0:05:11]} Rc7 {[%emt 0:00:55]} 24. Qd2 {[%emt 0:01:08]} Nb4 {[%emt 0:02:57]} 25. Qg5 {[%emt 0:03:10]} Rf8 {[%emt 0:00:27]} 26. Qf6+ {[%emt 0:01:28]} Kg8 {[%emt 0:00:14]} 27. h4 {[%emt 0:00:07]} h5 {[%emt 0:02:21]} 28. g4 {[%emt 0:00:14]} Nd5 {[%emt 0:03:52]} 29. Bxd5 {[%emt 0:00:06]} exd5 {[%emt 0:00:08]} 30. gxh5 {[%emt 0:00:24]} gxh5 {[%emt 0:00:17]} 31. Qg5+ {[%emt 0:00:32]} Kh7 {[%emt 0:00:29]} 32. Qxh5+ {[%emt 0:00:06]} Kg7 {[%emt 0:00:52]} 33. Kh2 {[%emt 0:00:39]} 1-0

[Event "26th Zadar Open 2019"]
[Site "Zadar"]
[Date "2019.12.15"]
[Round "1.15"]
[White "Krasteva, Beloslava"]
[Black "Rezan, Sasa"]
[Result "1/2-1/2"]
[WhiteElo "2264"]
[BlackElo "2415"]
[Annotator "NA"]
[PlyCount "103"]
[EventDate "2019.12.15"]
[EventType "swiss"]
[EventCountry "CRO"]
[SourceTitle "playchess.com"]
[Source "ChessBase"]
[SourceQuality "1"]
[TimeControl "40/5400+30:1800+30"]

1. d4 {[%emt 0:00:30]} Nf6 {[%emt 0:00:30]} 2. c4 {[%emt 0:00:00]} e6 {[%emt 0:00:00]} 3. Nc3 {[%emt 0:00:00]} Bb4 {[%emt 0:00:00]} 4. e3 {[%emt 0:00:30]} O-O {[%emt 0:01:30]} 5. Bd3 {[%emt 0:00:30]} d5 {[%emt 0:02:30]} 6. cxd5 {[%emt 0:00:30]} exd5 {[%emt 0:00:30]} 7. Nge2 {[%emt 0:00:30]} Re8 {[%emt 0:00:30]} 8. Bd2 {[%emt 0:00:30]} a6 {[%emt 0:06:30]} 9. O-O {[%emt 0:03:30]} Bf8 {[%emt 0:04:30]} 10. Rc1 {[%emt 0:02:30]} b6 {[%emt 0:03:30]} 11. Nf4 {[%emt 0:03:30]} Bb7 {[%emt 0:01:30]} 12. Re1 {[%emt 0:02:30]} Qd6 {[%emt 0:12:30]} 13. Bf1 {[%emt 0:12:30]} Nbd7 {[%emt 0:08:30]} 14. g3 {[%emt 0:11:30]} c5 {[%emt 0:03:30]} 15. Bg2 {[%emt 0:03:30]} Rac8 {[%emt 0:04:30]} 16. Qb3 {[%emt 0:18:30]} c4 {[%emt 0:07:30]} 17. Qc2 {[%emt 0:02:30]} b5 {[%emt 0:00:30]} 18. a3 {[%emt 0:01:30]} g6 {[%emt 0:05:30]} 19. Rcd1 {[%emt 0:02:30]} Bh6 {[%emt 0:04:30]} 20. f3 {[%emt 0:08:30]} Nb8 {[%emt 0:19:46]} 21. Bc1 {[%emt 0:09:50]} b4 {[%emt 0:03:10]} 22. axb4 {[%emt 0:02:07]} Nc6 {[%emt 0:00:11]} 23. b5 {[%emt 0:04:30]} Nb4 {[%emt 0:00:31]} 24. Qd2 {[%emt 0:01:37]} Bxf4 {[%emt 0:01:00]} 25. gxf4 {[%emt 0:01:48]} Nd3 {[%emt 0:00:38]} 26. Re2 {[%emt 0:00:56]} Re7 {[%emt 0:01:17]} 27. Bf1 {[%emt 0:03:38]} Rce8 {[%emt 0:03:15]} 28. Qc2 {[%emt 0:00:30]} Qb6 {[%emt 0:01:08]} 29. bxa6 {[%emt 0:01:23]} Bxa6 {[%emt 0:00:10]} 30. Na4 {[%emt 0:00:42]} Qd6 {[%emt 0:01:52]} 31. Nc5 {[%emt 0:00:16]} Bb5 {[%emt 0:01:30]} 32. Bd2 {[%emt 0:00:57]} Nxf4 {[%emt 0:00:36]} 33. Ree1 {[%emt 0:00:55]} Nd3 {[%emt 0:01:47]} 34. Nxd3 {[%emt 0:00:35]} cxd3 {[%emt 0:00:01]} 35. Bxd3 {[%emt 0:00:00]} Bxd3 {[%emt 0:01:23]} 36. Qxd3 {[%emt 0:00:10]} Nh5 {[%emt 0:00:20]} 37. Qf1 {[%emt 0:00:42]} Qf6 {[%emt 0:00:31]} 38. Qg2 {[%emt 0:00:55]} Ng7 {[%emt 0:00:27]} 39. Qf2 {[%emt 0:00:58]} Nf5 {[%emt 0:00:14]} 40. Kh1 {[%emt 0:00:27]} Nd6 {[%emt 0:01:03]} 41. Bb4 {[%emt 0:30:33]} Rb7 {[%emt 0:30:32]} 42. Bxd6 {[%emt 0:00:18]} Qxd6 {[%emt 0:00:01]} 43. e4 {[%emt 0:00:59]} Qb4 {[%emt 0:00:00]} 44. Re2 {[%emt 0:00:00]} Qa4 {[%emt 0:00:00]} 45. Rde1 {[%emt 0:00:00]} Rb4 {[%emt 0:00:00]} 46. exd5 {[%emt 0:00:00]} Rxe2 {[%emt 0:00:00]} 47. Qxe2 {[%emt 0:00:00]} Rxd4 {[%emt 0:00:00]} 48. Qe5 {[%emt 0:00:00]} Rd2 {[%emt 0:00:00]} 49. Qb8+ {[%emt 0:00:00]} Kg7 {[%emt 0:00:00]} 50. Qe5+ {[%emt 0:00:00]} Kg8 {[%emt 0:00:00]} 51. Qb8+ {[%emt 0:03:40]} Kg7 {[%emt 0:00:00]} 52. Qe5+ {[%emt 0:00:24]} 1/2-1/2

[Event "26th Zadar Open 2019"]
[Site "Zadar"]
[Date "2019.12.15"]
[Round "1.16"]
[White "Nguyen, Piotr"]
[Black "Deglmann, Ludwig"]
[Result "1/2-1/2"]
[WhiteElo "2413"]
[BlackElo "2261"]
[Annotator "NA"]
[PlyCount "67"]
[EventDate "2019.12.15"]
[EventType "swiss"]
[EventCountry "CRO"]
[SourceTitle "playchess.com"]
[Source "ChessBase"]
[SourceQuality "1"]
[TimeControl "40/5400+30:1800+30"]

1. Nf3 {[%emt 0:00:30]} f5 {[%emt 0:00:30]} 2. g3 {[%emt 0:00:30]} Nf6 {[%emt 0:00:30]} 3. Bg2 {[%emt 0:00:30]} g6 {[%emt 0:00:30]} 4. d4 {[%emt 0:01:30]} Bg7 {[%emt 0:00:30]} 5. O-O {[%emt 0:00:00]} O-O {[%emt 0:00:00]} 6. c4 {[%emt 0:05:00]} c6 {[%emt 0:03:00]} 7. Nc3 {[%emt 0:01:30]} Na6 {[%emt 0:01:30]} 8. Ne5 {[%emt 0:11:30]} d6 {[%emt 0:16:30]} 9. Nd3 {[%emt 0:00:00]} e5 {[%emt 0:01:30]} 10. dxe5 {[%emt 0:04:00]} dxe5 {[%emt 0:00:30]} 11. Nxe5 {[%emt 0:00:30]} Ne4 {[%emt 0:01:30]} 12. f4 {[%emt 0:15:30]} Qb6+ {[%emt 0:12:30]} 13. e3 {[%emt 0:00:00]} Rd8 {[%emt 0:04:30]} 14. Qe1 {[%emt 0:15:00]} Nac5 {[%emt 0:04:30]} 15. Nxe4 {[%emt 0:01:30]} fxe4 {[%emt 0:01:30]} 16. Rb1 {[%emt 0:04:30]} Nd3 {[%emt 0:08:30]} 17. Nxd3 {[%emt 0:00:30]} exd3 {[%emt 0:00:30]} 18. b3 {[%emt 0:07:30]} Bf5 {[%emt 0:07:30]} 19. Bd2 {[%emt 0:01:30]} Re8 {[%emt 0:03:30]} 20. Qf2 {[%emt 0:00:30]} a5 {[%emt 0:13:41]} 21. Kh1 {[%emt 0:03:30]} Bf8 {[%emt 0:03:05]} 22. h3 {[%emt 0:05:30]} Bb4 {[%emt 0:02:27]} 23. Rbe1 {[%emt 0:02:56]} Be4 {[%emt 0:02:08]} 24. g4 {[%emt 0:01:05]} Qc5 {[%emt 0:02:42]} 25. f5 {[%emt 0:11:29]} Qe5 {[%emt 0:01:45]} 26. f6 {[%emt 0:02:39]} Rf8 {[%emt 0:01:28]} 27. f7+ {[%emt 0:00:53]} Kg7 {[%emt 0:01:22]} 28. Bxe4 {[%emt 0:03:17]} Qxe4+ {[%emt 0:00:05]} 29. Kg1 {[%emt 0:00:00]} Bxd2 {[%emt 0:01:10]} 30. Qf6+ {[%emt 0:01:10]} Kh6 {[%emt 0:00:04]} 31. Qh4+ {[%emt 0:00:02]} Kg7 {[%emt 0:00:04]} 32. Qf6+ {[%emt 0:00:00]} Kh6 {[%emt 0:00:04]} 33. Qh4+ {[%emt 0:01:13]} Kg7 {[%emt 0:00:06]} 34. Qf6+ {[%emt 0:00:02]} 1/2-1/2

[Event "26th Zadar Open 2019"]
[Site "Zadar"]
[Date "2019.12.15"]
[Round "1.17"]
[White "Sahil, Tickoo"]
[Black "Moksh Amit Doshi"]
[Result "0-1"]
[WhiteElo "2259"]
[BlackElo "2399"]
[Annotator "NA"]
[PlyCount "92"]
[EventDate "2019.12.15"]
[EventType "swiss"]
[EventCountry "CRO"]
[SourceTitle "playchess.com"]
[Source "ChessBase"]
[SourceQuality "1"]
[TimeControl "40/5400+30:1800+30"]

1. d4 {[%emt 0:00:30]} Nf6 {[%emt 0:01:30]} 2. Bf4 {[%emt 0:00:30]} b6 {[%emt 0:01:30]} 3. e3 {[%emt 0:02:30]} Bb7 {[%emt 0:00:30]} 4. Nd2 {[%emt 0:01:30]} g6 {[%emt 0:00:30]} 5. Ngf3 {[%emt 0:00:30]} d6 {[%emt 0:01:30]} 6. h3 {[%emt 0:06:30]} Bg7 {[%emt 0:00:00]} 7. Bd3 {[%emt 0:00:30]} O-O {[%emt 0:00:00]} 8. O-O {[%emt 0:00:00]} Nbd7 {[%emt 0:00:30]} 9. Bh2 {[%emt 0:01:00]} Re8 {[%emt 0:01:30]} 10. e4 {[%emt 0:05:30]} e5 {[%emt 0:01:30]} 11. d5 {[%emt 0:01:30]} Nc5 {[%emt 0:02:30]} 12. Bb5 {[%emt 0:00:30]} Rf8 {[%emt 0:03:30]} 13. Re1 {[%emt 0:00:00]} a6 {[%emt 0:02:30]} 14. Bf1 {[%emt 0:00:00]} Ne8 {[%emt 0:02:30]} 15. b4 {[%emt 0:05:30]} Nd7 {[%emt 0:00:00]} 16. a4 {[%emt 0:02:30]} f5 {[%emt 0:02:00]} 17. a5 {[%emt 0:08:30]} f4 {[%emt 0:03:30]} 18. c4 {[%emt 0:03:30]} g5 {[%emt 0:00:30]} 19. Nb3 {[%emt 0:00:30]} Rf7 {[%emt 0:07:30]} 20. axb6 {[%emt 0:04:30]} cxb6 {[%emt 0:00:00]} 21. c5 {[%emt 0:02:30]} dxc5 {[%emt 0:01:00]} 22. bxc5 {[%emt 0:00:00]} Nxc5 {[%emt 0:00:30]} 23. Nxc5 {[%emt 0:00:00]} bxc5 {[%emt 0:00:30]} 24. Nd2 {[%emt 0:06:30]} a5 {[%emt 0:04:30]} 25. Nc4 {[%emt 0:04:30]} Ba6 {[%emt 0:01:30]} 26. Nxa5 {[%emt 0:09:30]} Bxf1 {[%emt 0:00:30]} 27. Nc6 {[%emt 0:00:00]} Rxa1 {[%emt 0:00:30]} 28. Qxa1 {[%emt 0:01:00]} Qc8 {[%emt 0:02:30]} 29. Kxf1 {[%emt 0:27:41]} f3 {[%emt 0:04:30]} 30. Re3 {[%emt 0:01:26]} g4 {[%emt 0:01:30]} 31. h4 {[%emt 0:04:51]} Nd6 {[%emt 0:01:30]} 32. Rb3 {[%emt 0:01:22]} Rb7 {[%emt 0:01:30]} 33. Rxb7 {[%emt 0:00:29]} Qxb7 {[%emt 0:00:30]} 34. Bxe5 {[%emt 0:00:28]} Nxe4 {[%emt 0:01:30]} 35. Bxg7 {[%emt 0:00:15]} Qb5+ {[%emt 0:02:30]} 36. Kg1 {[%emt 0:00:01]} Qe2 {[%emt 0:00:30]} 37. Bd4 {[%emt 0:01:20]} cxd4 {[%emt 0:00:00]} 38. Qxd4 {[%emt 0:00:29]} Qe1+ {[%emt 0:00:00]} 39. Kh2 {[%emt 0:00:04]} g3+ {[%emt 0:00:30]} 40. Kh3 {[%emt 0:00:36]} gxf2 {[%emt 0:00:30]} 41. Ne7+ {[%emt 0:30:45]} Kf7 {[%emt 0:30:30]} 42. Nf5 {[%emt 0:00:37]} Qh1+ {[%emt 0:01:30]} 43. Kg4 {[%emt 0:00:02]} Nf6+ {[%emt 0:00:00]} 44. Kf4 {[%emt 0:00:00]} Qc1+ {[%emt 0:00:00]} 45. Kg3 {[%emt 0:00:00]} f1=Q {[%emt 0:00:00]} 46. Nd6+ {[%emt 0:00:00]} Kg8 {[%emt 0:00:00]} 0-1

[Event "26th Zadar Open 2019"]
[Site "Zadar"]
[Date "2019.12.15"]
[Round "1.18"]
[White "Bukal, Vladimir Jr."]
[Black "Zelic, Mladen"]
[Result "1-0"]
[WhiteElo "2393"]
[BlackElo "2254"]
[Annotator "NA"]
[PlyCount "65"]
[EventDate "2019.12.15"]
[EventType "swiss"]
[EventCountry "CRO"]
[SourceTitle "playchess.com"]
[Source "ChessBase"]
[SourceQuality "1"]
[TimeControl "40/5400+30:1800+30"]

1. d4 {[%emt 0:00:30]} Nf6 {[%emt 0:00:30]} 2. Nf3 {[%emt 0:00:30]} g6 {[%emt 0:00:00]} 3. Nc3 {[%emt 0:00:30]} d5 {[%emt 0:01:00]} 4. Bf4 {[%emt 0:00:30]} Bg7 {[%emt 0:00:30]} 5. e3 {[%emt 0:00:00]} O-O {[%emt 0:02:30]} 6. h3 {[%emt 0:00:00]} c5 {[%emt 0:07:30]} 7. Ne5 {[%emt 0:04:30]} Nc6 {[%emt 0:07:30]} 8. Be2 {[%emt 0:05:30]} cxd4 {[%emt 0:11:30]} 9. exd4 {[%emt 0:07:30]} Qb6 {[%emt 0:00:30]} 10. Nxc6 {[%emt 0:00:30]} bxc6 {[%emt 0:05:30]} 11. Na4 {[%emt 0:02:30]} Qa5+ {[%emt 0:05:30]} 12. c3 {[%emt 0:00:00]} Ba6 {[%emt 0:00:30]} 13. Nc5 {[%emt 0:04:00]} Bxe2 {[%emt 0:09:30]} 14. Qxe2 {[%emt 0:00:30]} Rfe8 {[%emt 0:09:30]} 15. O-O {[%emt 0:00:30]} Nh5 {[%emt 0:02:30]} 16. Bh2 {[%emt 0:13:30]} e5 {[%emt 0:00:00]} 17. b4 {[%emt 0:03:30]} Qa3 {[%emt 0:06:00]} 18. dxe5 {[%emt 0:00:30]} Qxc3 {[%emt 0:07:30]} 19. Nd3 {[%emt 0:00:30]} Rac8 {[%emt 0:01:30]} 20. Qf3 {[%emt 0:05:30]} f6 {[%emt 0:07:17]} 21. Rac1 {[%emt 0:08:30]} Qd4 {[%emt 0:00:17]} 22. Rfd1 {[%emt 0:06:30]} Qe4 {[%emt 0:03:03]} 23. Qxe4 {[%emt 0:01:30]} dxe4 {[%emt 0:00:07]} 24. Nc5 {[%emt 0:00:30]} Bh6 {[%emt 0:01:25]} 25. Rc3 {[%emt 0:11:30]} f5 {[%emt 0:01:35]} 26. g4 {[%emt 0:10:44]} Nf4 {[%emt 0:01:55]} 27. Bxf4 {[%emt 0:00:06]} Bxf4 {[%emt 0:00:02]} 28. e6 {[%emt 0:00:04]} Rcd8 {[%emt 0:04:35]} 29. Rd7 {[%emt 0:00:39]} Bd6 {[%emt 0:00:27]} 30. Rxd8 {[%emt 0:02:57]} Rxd8 {[%emt 0:00:29]} 31. Nb7 {[%emt 0:00:06]} Bxb4 {[%emt 0:02:03]} 32. Nxd8 {[%emt 0:00:08]} Bxc3 {[%emt 0:00:18]} 33. e7 {[%emt 0:00:05]} 1-0